000 01147nam a2200313 a 4500
001 000109527
003 CHAP
005 20220329144054.0
008 140508s2013 mx sm |||||||spa d
010 _a105989
011 _a106961
040 _cCHAP
090 _aTesis
100 1 _aGuerrero Pando, Sandra Patricia
_9126770
245 1 0 _aEvaluación de 36 colectas de higuerilla (Ricinus communis L.) en Zimatlán de Álvarez, Oaxaca
_h[En línea]
_cpor Sandra Patricia Guerrero Pando.
260 _aChapingo, Méx. :
_bEl autor,
_c2013.
500 _aPara ver el contenido del material haga clic en la liga
502 _aTesis (Ing. Agr. Esp. en Fitotecnia) -- UACH. Departamento Fitotecnia
590 _aBATCH-UPD
_b05
_c20141002
_lUCH01
_h0902
590 _aE5765TAJ
_b05
_c20140508
_lUCH01
_h0915
590 _aE5765TAJ
_b05
_c20140508
_lUCH01
_h0920
650 1 4 _aHiguerilla
_xMejoramiento genético.
_9125298
650 1 4 _aHiguerilla
_xRendimiento.
_955369
650 1 4 _aHiguerilla
_xVariedades.
_955370
856 _aFinding aid
_uhttp://10.13.5.2/tesis/sist109527.pdf
_zTeclea aquí
901 _aBK
942 _cTESIS
942 _n0
999 _c105989
_d105989